[Event "Knighthood Blitz"]
[Site "Vishy Anand Arena"]
[Date "2020.08.01"]
[Round "9"]
[White "Kirajos"]
[Black "Anshuman Upadhyay"]
[Result "0-1"]
[WhiteElo "1376"]
[BlackElo "1362"]
[Annotator "NA"]
[PlyCount "80"]
[EventDate "2020.08.01"]
[EventType "swiss (blitz)"]

1. e4 e5 2. Nf3 Nc6 3. g3 Nf6 4. d3 Bc5 5. Bg2 O-O 6. O-O d6 7. Bg5 Bg4 8. Nbd2 h6 9. Bxf6 Qxf6 10. c3 Rad8 11. b4 Bb6 12. a4 a6 13. a5 Ba7 14. Nc4 b5 15. Ne3 Rfe8 16. Nxg4 Qg6 17. Nh4 Qe6 18. Nf5 Ne7 19. Nfe3 h5 20. Bh3 hxg4 21. Bxg4 Qh6 22. f4 exf4 23. Qf3 Bxe3+ 24. Kg2 Ng6 25. h4 Ne5 26. Qe2 Qg6 27. Kh3 Re6 28. gxf4 Nxg4 29. Qxg4 Qxg4+ 30. Kxg4 Rg6+ 31. Kf3 Ba7 32. d4 Rd7 33. f5 Kh7 34. h5 Rh6 35. Kg4 f6 36. Rg1 Re7 37. Kf4 Rxe4+ 38. Kxe4 d5+ 39. Kf4 c6 40. Rg3 Bb8+ 0-1

[Event "Knighthood Blitz"]
[Site "Vishy Anand Arena"]
[Date "2020.08.01"]
[Round "9"]
[White "Entropicacogen"]
[Black "suresh agarwal"]
[Result "0-1"]
[WhiteElo "1348"]
[BlackElo "1379"]
[Annotator "NA"]
[PlyCount "38"]
[EventDate "2020.08.01"]
[EventType "swiss (blitz)"]

1. e4 e5 2. Nf3 Nf6 3. Bc4 Bc5 4. Ng5 O-O 5. f4 exf4 6. d4 h6 7. Nxf7 Rxf7 8. Bxf7+ Kxf7 9. dxc5 Nxe4 10. Qd5+ Kf8 11. Qxe4 Nc6 12. Qxf4+ Kg8 13. Qc4+ Kh7 14. Rf1 Qe7+ 15. Qe2 Qxc5 16. Rf7 Nd4 17. Qe4+ Kg8 18. Qg6 Qe5+ 19. Kd1 Qe2# 0-1

[Event "Knighthood Blitz"]
[Site "Vishy Anand Arena"]
[Date "2020.08.01"]
[Round "9"]
[White "masters22"]
[Black "Sougata"]
[Result "0-1"]
[WhiteElo "1343"]
[BlackElo "1525"]
[Annotator "NA"]
[PlyCount "64"]
[EventDate "2020.08.01"]
[EventType "swiss (blitz)"]

1. Nf3 Nc6 2. d4 b6 3. d5 Nb8 4. e4 Bb7 5. Nc3 d6 6. Bc4 c6 7. O-O cxd5 8. Nxd5 Nf6 9. Nxf6+ exf6 10. Re1 Be7 11. Bf4 O-O 12. c3 Nc6 13. Qd3 Ne5 14. Nxe5 fxe5 15. Be3 Bg5 16. Bb3 Kh8 17. Bc2 Qf6 18. Qd2 Bxe3 19. Rxe3 Qg6 20. Rg3 Qf6 21. Rf3 Qe6 22. Rh3 h6 23. Qe3 Rad8 24. Rd1 d5 25. exd5 Rxd5 26. Rxd5 Bxd5 27. Qd3 e4 28. Qd4 Ba8 29. Re3 f5 30. h3 Qe7 31. f4 Rd8 32. Qa4 Qc5 0-1

[Event "Knighthood Blitz"]
[Site "Vishy Anand Arena"]
[Date "2020.08.01"]
[Round "9"]
[White "Chessplayer324"]
[Black "Dr_Deep_Chesh"]
[Result "0-1"]
[WhiteElo "1308"]
[BlackElo "1509"]
[Annotator "NA"]
[PlyCount "82"]
[EventDate "2020.08.01"]
[EventType "swiss (blitz)"]

1. d4 Nf6 2. c4 e6 3. Nf3 b6 4. Nc3 Bb4 5. Bd2 O-O 6. a3 Bxc3 7. Bxc3 d6 8. e3 c5 9. d5 e5 10. Be2 Ba6 11. O-O Re8 12. b4 Nbd7 13. b5 Bc8 14. a4 Nf8 15. a5 Bf5 16. Bd3 Bxd3 17. Qxd3 Ng6 18. Qd1 Qc7 19. e4 Nxe4 20. Be1 Nf6 21. axb6 axb6 22. h3 Ra7 23. Bd2 Qb7 24. Rxa7 Qxa7 25. Qa1 Qb7 26. Qa6 Rb8 27. Rb1 Qa8 28. Ra1 Qxa6 29. Rxa6 Nd7 30. Bg5 f6 31. Be3 Kf7 32. Kh2 Ke7 33. Kg3 Kd8 34. Kg4 Kc7 35. Kf5 Ngf8 36. Nh4 Kb7 37. Nf3 Ra8 38. Rxa8 Kxa8 39. g4 Kb7 40. h4 Kc7 41. g5 Kd8 0-1

[Event "Knighthood Blitz"]
[Site "Vishy Anand Arena"]
[Date "2020.08.01"]
[Round "9"]
[White "sohanpatnaik"]
[Black "Karthikmurux"]
[Result "0-1"]
[WhiteElo "1308"]
[BlackElo "1555"]
[Annotator "NA"]
[PlyCount "70"]
[EventDate "2020.08.01"]
[EventType "swiss (blitz)"]

1. Nf3 c5 2. d3 d5 3. c3 e6 4. Nbd2 Nf6 5. g3 Be7 6. Bg2 O-O 7. O-O Nc6 8. Qc2 a6 9. Re1 b5 10. b3 Rb8 11. Bb2 Na5 12. Red1 Qc7 13. Rac1 c4 14. dxc4 bxc4 15. b4 Nc6 16. a4 Bd7 17. e3 Na7 18. a5 Nb5 19. Ra1 h6 20. Nf1 Ne4 21. N1d2 Nxd2 22. Qxd2 Bf6 23. Nd4 Nxd4 24. exd4 Bb5 25. Ba3 Qd7 26. Re1 Rfe8 27. Re2 Rbd8 28. Rae1 Qc7 29. f3 Bc6 30. Kf2 e5 31. dxe5 Rxe5 32. f4 Rxe2+ 33. Qxe2 d4 34. Qd2 dxc3 35. Qc2 Rd2+ 0-1

[Event "Knighthood Blitz"]
[Site "Vishy Anand Arena"]
[Date "2020.08.01"]
[Round "9"]
[White "Ruben1070"]
[Black "Karsanjib"]
[Result "1/2-1/2"]
[WhiteElo "1281"]
[BlackElo "1302"]
[Annotator "NA"]
[PlyCount "84"]
[EventDate "2020.08.01"]
[EventType "swiss (blitz)"]

1. Nf3 Nc6 2. g3 Nf6 3. Bg2 d5 4. d4 e6 5. O-O Bd6 6. Nbd2 O-O 7. c4 h6 8. cxd5 exd5 9. Nb3 Re8 10. Qc2 Nb4 11. Qd1 c6 12. a3 Na6 13. Be3 Ng4 14. Bd2 Qe7 15. e3 Nc7 16. Qc1 Nf6 17. Bc3 Ne4 18. Nbd2 Bf5 19. Nxe4 dxe4 20. Nd2 Nd5 21. Qc2 Rad8 22. b4 b5 23. Rac1 Nf6 24. Bb2 Bd7 25. Nb3 Bc7 26. Rfe1 Bb6 27. Qd2 Nd5 28. Qc2 f5 29. Nc5 Bxc5 30. bxc5 a5 31. Bc3 b4 32. axb4 axb4 33. Bb2 Rb8 34. Qb3 Be6 35. Qc2 Nf6 36. Qb1 b3 37. Rc3 Ng4 38. Rcc1 Nf6 39. Rcd1 Ng4 40. Rd2 Nf6 41. Rdd1 Ng4 42. Rc1 Nf6 1/2-1/2

[Event "Knighthood Blitz"]
[Site "Vishy Anand Arena"]
[Date "2020.08.01"]
[Round "9"]
[White "Adityaghule"]
[Black "RIJUD"]
[Result "0-1"]
[WhiteElo "1247"]
[BlackElo "1098"]
[Annotator "NA"]
[PlyCount "66"]
[EventDate "2020.08.01"]
[EventType "swiss (blitz)"]

1. d4 Nf6 2. c4 d6 3. Nc3 g6 4. Nf3 Bg7 5. Bf4 O-O 6. e3 Re8 7. Be2 Nbd7 8. O-O Nh5 9. Bg3 e5 10. d5 Nhf6 11. Re1 e4 12. Nd2 Nc5 13. b4 Nd3 14. Bxd3 exd3 15. e4 Bg4 16. f3 Bh5 17. Re3 Nxe4 18. Ncxe4 Bxa1 19. Qxa1 a5 20. b5 f5 21. Nf6+ Qxf6 22. Qxf6 Rxe3 23. Bf4 Re1+ 24. Kf2 Rae8 25. Kg3 Rf8 26. Qg5 Rd1 27. Nb3 a4 28. Na5 b6 29. Nc6 Re8 30. Ne7+ Kf7 31. Nxg6 hxg6 32. Qh6 Rg8 33. Qh7+ Rg7 0-1

[Event "Knighthood Blitz"]
[Site "Vishy Anand Arena"]
[Date "2020.08.01"]
[Round "9"]
[White "ThakurUdaiveer"]
[Black "Samay Raina"]
[Result "0-1"]
[WhiteElo "1235"]
[BlackElo "1588"]
[Annotator "NA"]
[PlyCount "96"]
[EventDate "2020.08.01"]
[EventType "swiss (blitz)"]

1. d4 Nf6 2. Nf3 g6 3. Bf4 d6 4. e3 Nbd7 5. Bd3 Bg7 6. O-O O-O 7. Nbd2 Qe8 8. Re1 e5 9. dxe5 dxe5 10. Bg3 e4 11. Nxe4 Nxe4 12. Bxe4 Qxe4 13. Bxc7 Bxb2 14. Rb1 Bg7 15. Qd3 Qa4 16. Qb3 Qc6 17. Bg3 Nc5 18. Qc4 Be6 19. Qb5 Qxb5 20. Rxb5 b6 21. Nd4 Bxd4 22. exd4 Nd7 23. Bd6 Rfe8 24. d5 Bxd5 25. Rxe8+ Rxe8 26. h3 Bc6 27. Ba3 Bxb5 28. c3 Ne5 29. Kh2 Nd3 30. f3 Re2 31. Kg3 Rxa2 32. Be7 Rc2 33. Kh4 Rxc3 34. Kg3 Rc4 35. Kh2 Bd7 36. Ba3 Ne1 37. Bd6 Rc2 38. Kg3 a5 39. Kf4 a4 40. Ke4 Rxg2 41. Kf4 Rf2 42. Ke4 Rxf3 43. Kd4 Rxh3 44. Ke4 a3 45. Kd4 a2 46. Be5 a1=Q+ 47. Kd5 Rd3+ 48. Kc4 Qa4# 0-1

[Event "Knighthood Blitz"]
[Site "Vishy Anand Arena"]
[Date "2020.08.01"]
[Round "9"]
[White "Pranav104"]
[Black "SudiNarayana"]
[Result "1-0"]
[WhiteElo "1081"]
[BlackElo "1189"]
[Annotator "NA"]
[PlyCount "63"]
[EventDate "2020.08.01"]
[EventType "swiss (blitz)"]

1. e4 e5 2. Nf3 Nc6 3. Bc4 Bc5 4. d3 Nf6 5. Ng5 O-O 6. Qf3 d6 7. O-O Bg4 8. Qg3 Qe7 9. Nh3 Bxh3 10. Qxh3 Qd7 11. Qxd7 Nxd7 12. Na3 Rfe8 13. Be3 Rad8 14. Bxc5 dxc5 15. Nb5 a6 16. Na3 h6 17. Rfe1 Na5 18. g4 Nxc4 19. Nxc4 Nf6 20. f3 h5 21. gxh5 Nxh5 22. Kh1 Re6 23. Rg1 Nf4 24. Raf1 Rde8 25. d4 exd4 26. h3 Nxh3 27. Rg2 Nf4 28. Rgg1 Nh3 29. Rg3 Nf4 30. Re1 Rh6+ 31. Kg1 Nh3+ 32. Kf1 1-0

[Event "Knighthood Blitz"]
[Site "Vishy Anand Arena"]
[Date "2020.08.01"]
[Round "10"]
[White "EvilGenius"]
[Black "LAXMAN"]
[Result "1-0"]
[WhiteElo "2691"]
[BlackElo "2471"]
[Annotator "TA"]
[PlyCount "59"]
[EventDate "2020.08.01"]
[EventType "swiss (blitz)"]

1. Nf3 Nf6 2. c4 b6 3. Nc3 Bb7 4. d4 e6 5. g3 Bb4 6. Bg2 Bxc3+ 7. bxc3 d6 8. O-O O-O 9. Re1 Nc6 10. e4 Na5 11. Nd2 e5 12. f3 Nd7 13. Bf1 c5 14. d5 g6 15. Bd3 f5 16. Nf1 Qf6 17. Ne3 f4 18. Ng4 Qg7 19. Kh1 h5 20. Nf2 Ba6 21. Qe2 g5 22. Rg1 Kh7 23. gxf4 exf4 24. Nh3 Ne5 25. Nxg5+ Kh8 26. Ne6 Qf6 27. Bxf4 Rg8 28. Bxe5 dxe5 29. f4 Rae8 30. Qxh5+ 1-0

[Event "Knighthood Blitz"]
[Site "Vishy Anand Arena"]
[Date "2020.08.01"]
[Round "10"]
[White "kutiktau"]
[Black "J2d"]
[Result "1-0"]
[WhiteElo "2650"]
[BlackElo "2444"]
[Annotator "TA"]
[PlyCount "107"]
[EventDate "2020.08.01"]
[EventType "swiss (blitz)"]

1. Nf3 d5 2. g3 Nf6 3. Bg2 Bf5 4. c4 c6 5. cxd5 cxd5 6. Qb3 Qb6 7. Qxb6 axb6 8. d3 e6 9. Nc3 Nc6 10. Nb5 Kd7 11. Nfd4 Bg6 12. f4 Bc5 13. Be3 Rhc8 14. a3 Ne8 15. Kf2 Nd6 16. Rhc1 Nxd4 17. Nxd4 b5 18. Nb3 Bxe3+ 19. Kxe3 f6 20. Kd2 b6 21. Nd4 Rxc1 22. Rxc1 e5 23. fxe5 fxe5 24. Bh3+ Ke8 25. Rc6 Rd8 26. Ne6 Rd7 27. Nc7+ Kd8 28. Nxd5 Bf5 29. Bxf5 Nxf5 30. Nxb6 Rf7 31. Rc8+ Ke7 32. Rc7+ Ke6 33. Rxf7 Kxf7 34. Nd5 Nd6 35. b3 Ke6 36. Nc3 h5 37. a4 bxa4 38. bxa4 g5 39. a5 Kd7 40. Ne4 Nf7 41. Nf6+ Kc6 42. Nxh5 Kb5 43. Ke3 Kxa5 44. Ke4 Kb4 45. Kf5 Kc3 46. Kf6 Nd8 47. Kxg5 Kd2 48. Kf6 Nc6 49. g4 Kxe2 50. g5 Kxd3 51. g6 e4 52. g7 e3 53. g8=Q Nd4 54. Ng3 1-0

[Event "Knighthood Blitz"]
[Site "Vishy Anand Arena"]
[Date "2020.08.01"]
[Round "10"]
[White "FedoseevVladimir"]
[Black "Diptayan"]
[Result "1-0"]
[WhiteElo "2643"]
[BlackElo "2451"]
[Annotator "TA"]
[PlyCount "43"]
[EventDate "2020.08.01"]
[EventType "swiss (blitz)"]

1. e4 c6 2. d4 d5 3. f3 e6 4. Be3 Nf6 5. Nc3 Bb4 6. Bd3 c5 7. a3 Bxc3+ 8. bxc3 Nc6 9. e5 Nd7 10. f4 Qa5 11. Bd2 Qa4 12. Qg4 g6 13. Nf3 cxd4 14. cxd4 Nxd4 15. Bb4 Nxf3+ 16. gxf3 a5 17. Bd6 Qd4 18. Ke2 h6 19. Rhd1 g5 20. Qxe6+ fxe6 21. Bg6+ Kd8 22. Rxd4 1-0

[Event "Knighthood Blitz"]
[Site "Vishy Anand Arena"]
[Date "2020.08.01"]
[Round "10"]
[White "Maksim Chigaev"]
[Black "Narayanansl"]
[Result "1/2-1/2"]
[WhiteElo "2583"]
[BlackElo "2644"]
[Annotator "TA"]
[PlyCount "61"]
[EventDate "2020.08.01"]
[EventType "swiss (blitz)"]

1. e4 e5 2. Nf3 Nc6 3. Bc4 Bc5 4. d3 Nf6 5. Nbd2 d6 6. c3 O-O 7. h3 a6 8. Bb3 Be6 9. Nf1 d5 10. Qe2 dxe4 11. dxe4 Qe7 12. Ng3 Rfd8 13. O-O h6 14. Bxe6 Qxe6 15. Be3 Bf8 16. Nh2 a5 17. a4 Rd7 18. Ng4 Nxg4 19. hxg4 g6 20. Rfd1 Rad8 21. Rxd7 Qxd7 22. Nf1 b6 23. Qc4 Kg7 24. Nd2 Be7 25. Nf3 Bf6 26. g5 hxg5 27. Bxg5 Bxg5 28. Nxg5 Kf6 29. Nf3 Kg7 30. Ng5 Rf8 31. Nf3 1/2-1/2

[Event "Knighthood Blitz"]
[Site "Vishy Anand Arena"]
[Date "2020.08.01"]
[Round "10"]
[White "terryr"]
[Black "Visakh"]
[Result "0-1"]
[WhiteElo "2569"]
[BlackElo "2498"]
[Annotator "TA"]
[PlyCount "100"]
[EventDate "2020.08.01"]
[EventType "swiss (blitz)"]

1. d4 Nf6 2. Nf3 e6 3. c4 d5 4. e3 Be7 5. b3 O-O 6. Bd3 b6 7. O-O Bb7 8. Bb2 c5 9. dxc5 bxc5 10. cxd5 exd5 11. Nbd2 Nc6 12. Rc1 Rc8 13. a3 Qb6 14. Bf5 Rcd8 15. Ne5 Nxe5 16. Bxe5 Bc8 17. Bxc8 Rxc8 18. Qc2 Rfd8 19. Rfd1 Qe6 20. Bb2 Bd6 21. Nf3 h6 22. h3 Ne4 23. Qd3 Bb8 24. Rc2 h5 25. Qe2 g5 26. Nd2 g4 27. Nxe4 Qxe4 28. Qd3 gxh3 29. Qxe4 dxe4 30. Rxd8+ Rxd8 31. gxh3 Rd5 32. b4 Bd6 33. b5 f5 34. a4 Kf7 35. Bc3 Ke6 36. a5 Rd1+ 37. Kg2 Rb1 38. b6 axb6 39. a6 Bb8 40. Rd2 Rb3 41. Bb2 Rd3 42. Rc2 Kd5 43. Bc3 b5 44. Bf6 Ba7 45. Ra2 b4 46. Kg3 b3 47. Ra5 Kc6 48. Kh4 Rd2 49. Kxh5 b2 50. Kg5 b1=Q 0-1

[Event "Knighthood Blitz"]
[Site "Vishy Anand Arena"]
[Date "2020.08.01"]
[Round "10"]
[White "nihalsarin"]
[Black "NIKiler"]
[Result "1/2-1/2"]
[WhiteElo "2527"]
[BlackElo "2230"]
[PlyCount "82"]
[EventDate "2020.08.01"]
[EventType "swiss (blitz)"]

1. d4 Nf6 2. Bg5 Ne4 3. Bf4 d5 4. e3 Nf6 5. Nf3 g6 6. c4 Bg7 7. Nc3 c6 8. cxd5 Nxd5 9. Nxd5 Qxd5 10. Be2 Qa5+ 11. Qd2 Qxd2+ 12. Nxd2 O-O 13. Nc4 Nd7 14. O-O Re8 15. Bg3 Nb6 16. Ne5 Nd7 17. Nc4 Nb6 18. Rfd1 Nxc4 19. Bxc4 Bf5 20. f3 Rad8 21. Kf2 h5 22. Rac1 Bf6 23. h4 Bc8 24. b4 a6 25. a4 Kg7 26. Ke2 Bd7 27. Rb1 Rc8 28. e4 e6 29. Ke3 Red8 30. Be2 Be8 31. Rbc1 Be7 32. Rb1 Bf6 33. Bf2 Rd7 34. b5 axb5 35. axb5 Rcd8 36. e5 Be7 37. Kf4 Rc7 38. b6 Rcc8 39. Ra1 Ra8 40. Bc4 Rdc8 41. Be1 Bd8 1/2-1/2

[Event "Knighthood Blitz"]
[Site "Vishy Anand Arena"]
[Date "2020.08.01"]
[Round "10"]
[White "Chessworld1"]
[Black "Fire_on_board"]
[Result "1-0"]
[WhiteElo "2520"]
[BlackElo "2210"]
[PlyCount "123"]
[EventDate "2020.08.01"]
[EventType "swiss (blitz)"]

1. Nf3 Nf6 2. b3 g6 3. Bb2 Bg7 4. g3 O-O 5. Bg2 d6 6. d4 Nbd7 7. O-O e5 8. dxe5 Ng4 9. c4 Ngxe5 10. Nxe5 Nxe5 11. Nc3 a5 12. Qd2 a4 13. Rad1 axb3 14. axb3 Be6 15. h3 Nc6 16. e4 Nd4 17. Qd3 Nxb3 18. f4 Nc5 19. Qe2 f5 20. e5 Re8 21. Rd2 Nb3 22. Rdd1 Na5 23. Nd5 c6 24. Ne3 Qb6 25. Bd4 c5 26. Bc3 dxe5 27. fxe5 Qb3 28. Bxa5 Rxa5 29. Rd3 Ra2 30. Rxb3 Rxe2 31. Bf3 Rd2 32. Rf2 Rxf2 33. Kxf2 Bxe5 34. Nd5 Bd4+ 35. Kf1 Bxd5 36. Bxd5+ Kg7 37. Rxb7+ Kf6 38. Rxh7 Re3 39. g4 fxg4 40. hxg4 Kg5 41. Rh2 Kxg4 42. Rg2+ Kf5 43. Rf2+ Ke5 44. Rg2 Kf6 45. Rf2+ Kg7 46. Ra2 g5 47. Ra6 g4 48. Kg2 Be5 49. Re6 Bd4 50. Rc6 Re2+ 51. Kg3 Re3+ 52. Kxg4 Re5 53. Ra6 Kf8 54. Ra7 Ke8 55. Kf4 Kd8 56. Bc6 Kc8 57. Rd7 Re6 58. Bb5 Rb6 59. Rd5 Kc7 60. Kf5 Kb7 61. Rd7+ Kc8 62. Rh7 1-0

[Event "Knighthood Blitz"]
[Site "Vishy Anand Arena"]
[Date "2020.08.01"]
[Round "10"]
[White "Babysnake"]
[Black "Dust Tornado"]
[Result "0-1"]
[WhiteElo "2503"]
[BlackElo "2786"]
[Annotator "TA"]
[PlyCount "116"]
[EventDate "2020.08.01"]
[EventType "swiss (blitz)"]

1. d4 d5 2. c4 c6 3. cxd5 cxd5 4. Nc3 Nc6 5. Nf3 Nf6 6. Bf4 a6 7. e3 Bg4 8. Be2 e6 9. O-O Bxf3 10. Bxf3 Be7 11. Rc1 O-O 12. Na4 Nd7 13. a3 Rc8 14. b4 b5 15. Nc5 Nb6 16. Nxa6 Nc4 17. Nc5 Nxa3 18. Qb3 Nc4 19. Rfd1 Bg5 20. Bxg5 Qxg5 21. Ra1 Ra8 22. g3 Nd2 23. Rxd2 Rxa1+ 24. Kg2 Rfa8 25. Qd3 Nxb4 26. Qxb5 Rb1 27. Nd3 Qe7 28. Nc5 g6 29. Be2 Raa1 30. Qb8+ Kg7 31. Qf4 Qf6 32. Qxf6+ Kxf6 33. Nd7+ Ke7 34. Nc5 Ra2 35. Rxa2 Nxa2 36. h4 h5 37. Bf3 Rb2 38. Nd3 Rd2 39. Nf4 Nc3 40. Nh3 Kf6 41. Nf4 Kf5 42. Nh3 Ne4 43. Bxe4+ dxe4 44. Ng5 f6 45. Nh3 g5 46. hxg5 fxg5 47. Ng1 g4 48. Kf1 Rd1+ 49. Kg2 Re1 50. Kh2 e5 51. dxe5 Kxe5 52. Kg2 Kd5 53. Kh2 Kc4 54. Kg2 Kd3 55. Kh2 Kd2 56. Kg2 Rc1 57. Kh2 Ke1 58. Kg2 Rc2 0-1

[Event "Knighthood Blitz"]
[Site "Vishy Anand Arena"]
[Date "2020.08.01"]
[Round "10"]
[White "Alanp"]
[Black "CREATOR 1198"]
[Result "1/2-1/2"]
[WhiteElo "2500"]
[BlackElo "2424"]
[Annotator "NA"]
[PlyCount "49"]
[EventDate "2020.08.01"]
[EventType "swiss (blitz)"]

1. e4 g6 2. d4 Bg7 3. Nf3 c6 4. Nc3 d6 5. Be2 Nf6 6. O-O O-O 7. a4 Nbd7 8. h3 e5 9. dxe5 dxe5 10. Be3 Qe7 11. Qd2 Nc5 12. Bg5 Rd8 13. Qe3 Ne6 14. Rfd1 Nxg5 15. Nxg5 h6 16. Nf3 Re8 17. Nd2 Nh7 18. Nb3 Ng5 19. Bg4 Be6 20. Nc5 Bxg4 21. hxg4 Bf8 22. Nd7 Bg7 23. Nc5 Bf8 24. Nd7 Bg7 25. Nc5 1/2-1/2

[Event "Knighthood Blitz"]
[Site "Vishy Anand Arena"]
[Date "2020.08.01"]
[Round "10"]
[White "Uzbektiger95"]
[Black "Oligarkh"]
[Result "1/2-1/2"]
[WhiteElo "2479"]
[BlackElo "2692"]
[Annotator "NA"]
[PlyCount "59"]
[EventDate "2020.08.01"]
[EventType "swiss (blitz)"]

1. c4 c6 2. Nc3 d5 3. d4 Nf6 4. cxd5 cxd5 5. Bf4 Nc6 6. e3 Bf5 7. Nf3 e6 8. Be2 Bd6 9. Ne5 O-O 10. Nxc6 bxc6 11. Bxd6 Qxd6 12. O-O c5 13. Nb5 Qb6 14. dxc5 Qxc5 15. Rc1 Qb6 16. Qd4 h6 17. Qxb6 axb6 18. a3 Rfb8 19. f3 Kf8 20. Nd6 Ra7 21. Rc8+ Rxc8 22. Nxc8 Rb7 23. Rc1 Rb8 24. Nd6 Ke7 25. Nxf5+ exf5 26. Rc7+ Ke6 27. Rc6+ Ke7 28. Rc7+ Ke6 29. Rc6+ Ke7 30. Rc7+ 1/2-1/2

[Event "Knighthood Blitz"]
[Site "Vishy Anand Arena"]
[Date "2020.08.01"]
[Round "10"]
[White "Hitter1999"]
[Black "Pranav_vip"]
[Result "0-1"]
[WhiteElo "2436"]
[BlackElo "2398"]
[Annotator "NA"]
[PlyCount "66"]
[EventDate "2020.08.01"]
[EventType "swiss (blitz)"]

1. e4 d5 2. exd5 Nf6 3. d4 Bg4 4. f3 Bf5 5. g4 Bg6 6. c4 e6 7. Nc3 exd5 8. g5 Nh5 9. Nxd5 Bd6 10. Qe2+ Kf8 11. Nh3 Nc6 12. Qf2 Qd7 13. Be3 Nb4 14. Rc1 Re8 15. Kd1 Nxa2 16. Nc3 Nxc1 17. Kxc1 Qf5 18. Ne4 Rxe4 19. fxe4 Qxe4 20. Bg2 Qb1+ 21. Kd2 Qxb2+ 22. Ke1 Qb1+ 23. Ke2 Qd3+ 24. Kf3 h6 25. Qd2 hxg5 26. Nxg5 Qf5+ 27. Ke2 Nf4+ 28. Bxf4 Bxf4 29. Qb4+ Bd6 30. Qxb7 Qxg5 31. Qc8+ Ke7 32. Qxh8 Qxg2+ 33. Ke3 Qe4+ 0-1

[Event "Knighthood Blitz"]
[Site "Vishy Anand Arena"]
[Date "2020.08.01"]
[Round "10"]
[White "Devil1234"]
[Black "Pabh"]
[Result "1-0"]
[WhiteElo "2435"]
[BlackElo "2401"]
[Annotator "NA"]
[PlyCount "97"]
[EventDate "2020.08.01"]
[EventType "swiss (blitz)"]

1. d4 Nf6 2. Bf4 d6 3. Nc3 Nc6 4. e4 g6 5. d5 Nb8 6. Nf3 Bg4 7. Be2 Bg7 8. O-O O-O 9. a4 Nbd7 10. a5 c5 11. a6 bxa6 12. Rxa6 Rb8 13. Bc1 Qc7 14. h3 Bxf3 15. Bxf3 c4 16. Rc6 Qb7 17. Rxc4 Ne5 18. Ra4 Nxf3+ 19. Qxf3 Rfc8 20. Ra3 Nd7 21. Qe3 Nb6 22. Qd3 Nc4 23. Rb3 Qc7 24. Rxb8 Rxb8 25. b3 Ne5 26. Qg3 Rc8 27. Bd2 Nd7 28. Ne2 Be5 29. f4 Bg7 30. c4 Qb6+ 31. Qe3 Nc5 32. Rb1 Nxe4 33. Qxb6 axb6 34. Be3 Rb8 35. b4 Bf6 36. Bd4 b5 37. Bxf6 Nxf6 38. cxb5 Rxb5 39. Nc3 Rb6 40. b5 Kg7 41. Kf2 Rb7 42. Ke3 h5 43. Kd4 Nd7 44. Na4 Ra7 45. Rb4 Kf6 46. b6 Rb7 47. Kc4 e5 48. Kb5 Kf5 49. Kc6 1-0

[Event "Knighthood Blitz"]
[Site "Vishy Anand Arena"]
[Date "2020.08.01"]
[Round "10"]
[White "GM Abadi"]
[Black "Gk06"]
[Result "0-1"]
[WhiteElo "2432"]
[BlackElo "2458"]
[Annotator "NA"]
[PlyCount "158"]
[EventDate "2020.08.01"]
[EventType "swiss (blitz)"]

1. d4 Nf6 2. Nf3 d5 3. Bf4 e6 4. e3 Bd6 5. Nbd2 O-O 6. Bd3 c5 7. c3 Qc7 8. Ne5 Nc6 9. Ndf3 Ne4 10. O-O f6 11. Nxc6 Bxf4 12. exf4 bxc6 13. g3 cxd4 14. cxd4 Qb6 15. Qc2 Ba6 16. Bxa6 Qxa6 17. Rfc1 Rfc8 18. Nd2 Nd6 19. Nb3 Rc7 20. Nc5 Qc8 21. Re1 Re7 22. Qd3 Rb8 23. Re2 Nb7 24. Na6 Ra8 25. Qa3 Qd7 26. Rae1 Rae8 27. Nb4 Nd6 28. Nd3 Nf5 29. Qc3 Qd6 30. b4 h5 31. a3 Kf7 32. Nc5 g6 33. Qd3 a5 34. bxa5 e5 35. fxe5 fxe5 36. Nb3 e4 37. Qc3 Qxa3 38. Ra1 Nxd4 39. Rb2 Nb5 40. Rxa3 Nxc3 41. Nd4 c5 42. Nc6 Rc7 43. Rb6 d4 44. a6 d3 45. Rxc3 d2 46. Rb1 Rxc6 47. Rd1 Rd8 48. Rc2 Rxa6 49. Rdxd2 Rxd2 50. Rxd2 Ke6 51. Kg2 Rc6 52. f3 c4 53. fxe4 c3 54. Rc2 Ke5 55. Kf3 Kd4 56. e5 Kd3 57. Rc1 g5 58. g4 h4 59. Rd1+ Kc2 60. Rd6 Rc4 61. e6 Rf4+ 62. Ke3 Rf1 63. Rc6 Kb2 64. Rb6+ Kc1 65. Kd4 c2 66. Ke5 Re1+ 67. Kf6 Kd1 68. Rd6+ Ke2 69. Rc6 c1=Q 70. Rxc1 Rxc1 71. e7 Rc8 72. Kxg5 Re8 73. Kf6 Kf3 74. g5 Kg2 75. g6 Kxh2 76. Kf7 h3 77. Kxe8 Kg3 78. Kf7 h2 79. e8=Q Kf2 0-1

[Event "Knighthood Blitz"]
[Site "Vishy Anand Arena"]
[Date "2020.08.01"]
[Round "10"]
[White "Fidodido"]
[Black "Rasulov Vugar"]
[Result "0-1"]
[WhiteElo "2384"]
[BlackElo "2487"]
[Annotator "TA"]
[PlyCount "72"]
[EventDate "2020.08.01"]
[EventType "swiss (blitz)"]

1. d4 Nf6 2. c4 e6 3. Nc3 Bb4 4. Nf3 O-O 5. Bg5 Bxc3+ 6. bxc3 d6 7. e3 Nbd7 8. Bd3 e5 9. Nd2 h6 10. Bh4 Qe7 11. O-O Qe6 12. Qc2 Qg4 13. Bg3 Re8 14. Bf5 Qh5 15. f3 Nf8 16. Bxc8 Raxc8 17. e4 Ne6 18. Nb3 Qg5 19. Rad1 Nh5 20. Qf2 b6 21. Bh4 Qg6 22. Kh1 a5 23. Nc1 f6 24. Nd3 Nhf4 25. Nxf4 Nxf4 26. g3 Ne6 27. Rfe1 f5 28. dxe5 dxe5 29. Rd5 fxe4 30. Rxe4 Nc5 31. Rexe5 Rxe5 32. Rxe5 Nd3 33. Qe3 Nxe5 34. Qxe5 Qf7 35. Kg2 Qxc4 36. Be7 Re8 0-1

[Event "Knighthood Blitz"]
[Site "Vishy Anand Arena"]
[Date "2020.08.01"]
[Round "10"]
[White "Vignesh nr"]
[Black "Adityabikram"]
[Result "1-0"]
[WhiteElo "2358"]
[BlackElo "2007"]
[PlyCount "115"]
[EventDate "2020.08.01"]
[EventType "swiss (blitz)"]

1. c4 e5 2. Nc3 Nc6 3. g3 g6 4. Bg2 Bg7 5. e3 Nge7 6. Nge2 O-O 7. O-O d6 8. d3 Be6 9. Nd5 Qd7 10. Rb1 Bh3 11. Bxh3 Qxh3 12. Nxc7 Rac8 13. Nd5 Nxd5 14. cxd5 Nb4 15. Nc3 f5 16. a3 Na6 17. Qf3 Nc5 18. Rd1 e4 19. Qg2 Qxg2+ 20. Kxg2 Nxd3 21. Bd2 a6 22. f3 exf3+ 23. Kxf3 Ne5+ 24. Ke2 Nc4 25. a4 Rfe8 26. Bc1 Na5 27. Rd3 Nb3 28. Bd2 Nc5 29. b4 Nxd3 30. Kxd3 Bxc3 31. Bxc3 Re4 32. Bd4 Rce8 33. b5 axb5 34. Rxb5 R4e7 35. a5 Rc8 36. Rb6 Rd7 37. Bc3 Kf7 38. Bb4 Ke7 39. Bc3 Rc5 40. Kd4 Rdc7 41. Bb4 Rc4+ 42. Kd3 Rxb4 43. Rxb4 Kd7 44. Rb6 Ke7 45. Kd4 Kd7 46. h4 Ke7 47. e4 fxe4 48. Kxe4 Kd7 49. Kd4 Ke7 50. g4 Kd7 51. Rb1 Ke7 52. Re1+ Kd7 53. Rb1 Rc5 54. Rxb7+ Kc8 55. a6 Ra5 56. Rb6 Kc7 57. Rc6+ Kd7 58. g5 1-0

[Event "Knighthood Blitz"]
[Site "Vishy Anand Arena"]
[Date "2020.08.01"]
[Round "10"]
[White "Fighter64"]
[Black "Viani A Dcunha"]
[Result "1-0"]
[WhiteElo "2327"]
[BlackElo "2173"]
[Annotator "NA"]
[PlyCount "45"]
[EventDate "2020.08.01"]
[EventType "swiss (blitz)"]

1. Nf3 Nf6 2. c4 g6 3. Nc3 Bg7 4. g3 d6 5. Bg2 O-O 6. O-O e5 7. d4 Nc6 8. e4 exd4 9. Nxd4 Nxe4 10. Nxe4 Nxd4 11. Bg5 f6 12. Bf4 Nc6 13. c5 d5 14. Nc3 d4 15. Nb5 f5 16. Nxc7 Rb8 17. Bd6 Rf6 18. Re1 Rxd6 19. cxd6 Qxd6 20. Qb3+ Kh8 21. Re8+ Bf8 22. Bxc6 bxc6 23. Qxb8 1-0

[Event "Knighthood Blitz"]
[Site "Vishy Anand Arena"]
[Date "2020.08.01"]
[Round "10"]
[White "Pshyaamnikhil"]
[Black "Toosieslide"]
[Result "1-0"]
[WhiteElo "2327"]
[BlackElo "2027"]
[PlyCount "73"]
[EventDate "2020.08.01"]
[EventType "swiss (blitz)"]

1. e4 e5 2. Nf3 Nc6 3. Bb5 a6 4. Ba4 Nf6 5. O-O Be7 6. Re1 b5 7. Bb3 d6 8. c3 O-O 9. d4 exd4 10. cxd4 Bg4 11. Be3 d5 12. e5 Ne4 13. Nbd2 Nb4 14. h3 Bh5 15. Nf1 a5 16. a3 Na6 17. Rc1 a4 18. Ba2 b4 19. Qxa4 bxa3 20. bxa3 Nb4 21. Qb3 Nxa2 22. Qxa2 Rxa3 23. Qc2 Rc3 24. Qb1 c5 25. Rxc3 Nxc3 26. Qd3 cxd4 27. Bxd4 Ne4 28. Qe3 Ng5 29. Nxg5 Bxg5 30. f4 Be7 31. g4 Bg6 32. f5 Bg5 33. Qf3 Bxf5 34. gxf5 Bh4 35. Re2 Qg5+ 36. Rg2 Qc1 37. Qg4 1-0